Odkiaľ, kam a prečo čiže o matematike, konci sveta, politikoch a opiciach

Bibliographic Details
Main Author: Kasarda, Martin, 1968- (Author)
Format: Article
Language:Slovak
PhysicalDescription:Obr. 3
Subjects:

MARC

LEADER 00000nab a2200000 a 4500
001 vtls000627116
003 SK-MaSNL
005 20260304100058.0
008 250425c1997 xo 0 slo
015 |a SNBRB19rr/mm-uuuuu 
035 |a CL0627255 
035 |a urn:nbn:sk:snk-abbquw 
035 |a (urnnbn)urn:nbn:sk:snk:ar-002v1p 
035 |a (uuid)710a698c-6def-43b2-8a9b-d2c99e4717db 
040 |a SNKBUCL  |b slo  |c SNKBUCL  |e AACR2 
041 0 |a slo 
044 |a xo  |c SK 
080 |a 655.413(437.6):001  |2 1981 
100 1 |a Kasarda, Martin,  |d 1968-  |4 aut  |9 116347 
245 1 0 |a Odkiaľ, kam a prečo  |b čiže o matematike, konci sveta, politikoch a opiciach  |c Martin Kasarda 
300 |b Obr. 3 
610 2 7 |a Vydavateľstvo Archa  |2 SNKKA  |9 236174 
655 7 |a články z novín a časopisov  |2 snkbucl  |9 267496 
773 0 |t Dotyky  |g Roč. 9, č. 3 (1997), s. 38-39 
850 |a Slovenská národná knižnica 
852 |a Slovenská národná knižnica 
957 |a 5100 
958 |a article15 
958 |a SK 
958 |a KL 
958 |a RK 
958 |a OND 
958 |a EUIPO 
992 |a RBX 
999 |c 2835849  |d 2837779